King Edward I of England - Statistics

General Stats
  • This quiz has been taken 8 times
  • The average score is 10 of 12
Answer Stats
Hint Answer % Correct
Succeeded this king, his father, in 1272 Henry III
100%
Modelled himself on this mythical king, holding "Round Table" events in 1284 and 1302 King Arthur
100%
Edward's imposing height of 6ft 2in also gave him this nickname meaning "long legs" Longshanks
100%
Conquered this modern-day constituent country of the UK in 1283 Wales
100%
Publicly executed this legendary Scottish figure in 1305, putting an end to his fight for "Freedom!" William Wallace
100%
Gained this nickname for his brutal treatment of the Scottish - kicking off centuries of conflict Hammer of the Scots
86%
Fought against this French king after Edward renounced vassalage for the Duchy of Gascony Philip IV
86%
Name of the Scottish coronation stone that was brought to Westminster after the First War of Scottish Independence Stone of Scone
86%
In 1290 Edward passed the Edict of Expulsion, banishing this group of people from England Jews
71%
This form of legislature was made a permanent feature under Edward's reign Parliament
71%
Edward was on his way home from this religious war when he learned of his father's death Ninth Crusade
57%
Was a key figure in this war during his father's reign, defeating several rebellious English noblemen Second Barons' War
43%
No matching quizzes found
Score Distribution
Percent of People with Each Score
Percentile by Number Answered
Your Score History
You have not taken this quiz